000 00725nam a2200181 4500
999 _c17260
_d17260
008 220907b ||||| |||| 00| 0 eng d
020 _a9786218035683
082 _22021
_aDFil 671.522
_bEs651
100 _aEspina, Raymond C.
_945915
245 _aWelding 101 :
_bbasic inputs on shield metal arc welding for beginners /
_cRaymond C. Espina, Napoleon G. Flores and Porferio M. Almerino.
260 _aPhilippines :
_bLolimar Publishing, Inc.,
_c©2021.
300 _aviii, 126 pages :
_billustrations ;
_c25 cm.
500 _aIncludes bibliographical references.
650 _aWelding.
_945916
700 _aFlores, Napoleon G.
_eauthor.
_945917
700 _aAlmerino, Porferio M.
_eauthor.
_945918
942 _2ddc
_cDFIL